| 000 | 00000nam 2200000zi 4500 |
| 001 | 9.940619 |
| 003 | CaOODSP |
| 005 | 20240809093806 |
| 006 | m o d f |
| 007 | cr mn||||||||| |
| 008 | 240716t20232024onc ob f000 0 fre d |
| 020 | |a9780660727998 |
| 040 | |aCaOODSP|bfre|erda|cCaOODSP |
| 043 | |an-cn--- |
| 086 | 1 |aBC92-135/2024F-PDF |
| 245 | 00|aÉlaboration conjointe et mobilisation des peuples autochtones : |bpratiques exemplaires. |
| 264 | 1|aOttawa (Ontario), Canada : |bConseil de la radiodiffusion et des télécommunications canadiennes (CRTC), |c2023. |
| 264 | 4|c©2024 |
| 300 | |a1 ressource en ligne (iii, 24 pages) |
| 336 | |atexte|btxt|2rdacontent/fre |
| 337 | |ainformatique|bc|2rdamedia/fre |
| 338 | |aressource en ligne|bcr|2rdacarrier/fre |
| 500 | |aPublié aussi en anglais sous le titre : Indigenous co-development and engagement: wise practices. |
| 500 | |a« Présenté au : Conseil de la radiodiffusion et des télécommunications canadiennes (CRTC). » |
| 500 | |a« 31 mai 2023. » |
| 500 | |a« Rapport produit par : INDsight Consulting » -- Page i. |
| 504 | |aComprend des références bibliographiques (pages 21-24). |
| 650 | 6|aPeuples autochtones|zCanada|xRelations avec l'État. |
| 650 | 6|aCommunication interculturelle|zCanada. |
| 650 | 6|aSensibilisation aux cultures|zCanada. |
| 710 | 2 |aConseil de la radiodiffusion et des télécommunications canadiennes, |eorganisme de publication. |
| 775 | 08|tIndigenous co-development and engagement : |w(CaOODSP)9.940617 |
| 856 | 40|qPDF|s887 Ko|uhttps://publications.gc.ca/collections/collection_2024/crtc/BC92-135-2024-fra.pdf |
| 856 | 4 |qHTML|sS.O.|uhttps://crtc.gc.ca/fra/publications/reports/indsight24.htm |